000 00441nam a2200169Ia 4500
003 LK-CoDNM
008 010623t1987 xxu||||| |||| 00| 1 sin d
040 _aLK-CoDNM
_dLK-CoDNM
_eLK-CoDNM
041 _asin
080 _a(x)91(03) AHUBU
100 _aAhubudu, Arisen
245 _aලංකා ගම් නම් වහර
246 _aLanka Gam Nam Vahara
260 _bGodage
_aColombo
_c1987
300 _b228p, 21 cm
942 _cBK
999 _c113745
_d113745